| 000 | 00855nam a2200253Ia 4500 | ||
|---|---|---|---|
| 003 | OSt | ||
| 005 | 20220926005207.0 | ||
| 006 | a|||||r|||| 00| 0 | ||
| 007 | ta | ||
| 008 | 220923b |||||||| |||| 00| 0 eng d | ||
| 020 |
_a9789352805518 _c995.00 |
||
| 037 |
_b57056, 29/01/2019, Segment Book Distributors _cGeneral Book |
||
| 040 |
_aRTL _cRTL _beng |
||
| 041 |
_2eng _aeng |
||
| 082 | _aX:77:(R4).4, Q8 | ||
| 100 |
_aSENEVIRATNE Kalinga _9309833 |
||
| 245 | 0 |
_aMindful communication for sustainable development _b Perspectives from Asia |
|
| 260 |
_a New Delhi _bSage Publications _c2018 |
||
| 300 |
_axiv, 353P _ccm. |
||
| 500 | _aBibliography chapterwise | ||
| 650 | _aGeography | ||
| 942 |
_hX:77:(R4).4, Q8 _cGB _2CC |
||
| 999 |
_c613133 _d613133 |
||